| 000 | 01021nam a22003017a 4500 | ||
|---|---|---|---|
| 001 | 6194 | ||
| 003 | FISKH | ||
| 005 | 20250327100052.0 | ||
| 008 | 250327b cb ||||| |||| 00| 0 eng d | ||
| 020 | _a9780064420631 | ||
| 040 |
_aFISKH _beng _cFISKH _dFISKH |
||
| 050 | _aPZ7.B9836 T | ||
| 082 | _a813.54 | ||
| 100 |
_aByards, Betsy _d(1928–2020) |
||
| 245 |
_aTornado / _cBetsy Byards ; illustrations by Doron Ben-Ami |
||
| 250 | _aThis edition first published in 2004 | ||
| 260 |
_aNew York : _bHarper Trophy, _c1996. |
||
| 300 |
_a49 pages : _billustrations ; _c20 cm |
||
| 505 | _aP | ||
| 520 | _aAs they wait out a tornado in their storm cellar, a family listens to their farmhand tell stories about the dog that was blown into his life by another tornado when he was a boy. | ||
| 521 | 8 |
_a610
_bLexile |
|
| 521 | 8 |
_aP
_bRaz-Plus |
|
| 650 |
_2Fiction _aRealistic fiction _vSonlight |
||
| 650 |
_2Pets _aWeather |
||
| 700 |
_aBen-Ami, Doron _dillustrator |
||
| 942 |
_2ddc _cBK _n0 |
||
| 999 |
_c6194 _d6194 |
||